000 00676nam a22001817a 4500
999 _c61481
_d61481
005 20240319114753.0
008 240319s1982 ru ||||| |||| 00| 0 rus d
041 _arus
080 _a930.85 M-47
100 _aМелларт, Дж.
_921464
245 _aДревнейшие цивилизации Ближнего Востока /
_cДж. Мелларт.
264 _aМ.:
_bНаука,
_c1982.
300 _a152 с. :
_bил. ;
_c20 см.
653 _aახლო აღმოსავლეთის უძველესი ცივილიზაციები
653 _aისტორია
653 _aარქეოლოგია
942 _2udc
_cBK